000
00231nam a2200097Ia 4500
008
170619s9999 xx 000 0 und d
100
_a
Shah- Satish
245
0
_a
8051 Microcontrollers
260
_b
OXFORD UNIVERSITY PRESS
260
_c
2010
546
_a
ENGLISH
999
_c
20802
_d
20802